Normal view
MARC view
- الحجز التحفظي-القانون العراقي-القانون الاردني
Entry Topical Term
001 - CONTROL NUMBER
- control field: 58909
003 - CONTROL NUMBER IDENTIFIER
- control field: JO-AjAnu
005 - DATE AND TIME OF LATEST TRANSACTION
- control field: 20230606083634.0
008 - FIXED-LENGTH DATA ELEMENTS
- fixed length control field: 230606|| aca||aabn | a|a d
040 ## - CATALOGING SOURCE
- Original cataloging agency: JO-AjAnu
- Transcribing agency: JO-AjAnu
150 ## - HEADING--TOPICAL TERM
- Topical term or geographic name entry element: الحجز التحفظي-القانون العراقي-القانون الاردني
670 ## - SOURCE DATA FOUND
- Source citation: Work cat.: (JO-AjAnu)30050: اعداد البياتي، محمد رشاد حسين؛ اشراف عبد الحكيم محسن عطروش, author 58908, الحجز التحفظي وإجراءاته القضائية في القانون العراقي: دراسة مقارنة مع القانون الاردني =Reservation and its Judicial Procedures in Iraqi Law: A Comparative Study with Jordanian Law